UBT Library

Beginning algebra / (Record no. 44656)

000 -LEADER
fixed length control field 00799cam a2200265 a 4500
001 - CONTROL NUMBER
control field 14419292
005 - DATE AND TIME OF LATEST TRANSACTION
control field 20180310041532.0
008 - FIXED-LENGTH DATA ELEMENTS--GENERAL INFORMATION
fixed length control field 060619s2008 maua 001 0 eng
010 ## - LIBRARY OF CONGRESS CONTROL NUMBER
LC control number 2006049439
020 ## - INTERNATIONAL STANDARD BOOK NUMBER
International Standard Book Number 9780321437266
020 ## - INTERNATIONAL STANDARD BOOK NUMBER
International Standard Book Number 0321437268
020 ## - INTERNATIONAL STANDARD BOOK NUMBER
International Standard Book Number 9780321460264 (CDROM)
020 ## - INTERNATIONAL STANDARD BOOK NUMBER
International Standard Book Number 032146026X (CDROM)
040 ## - CATALOGING SOURCE
Original cataloging agency DLC
Transcribing agency DLC
Modifying agency DLC
041 ## - LANGUAGE CODE
Language code of text/sound track or separate title eng
042 ## - AUTHENTICATION CODE
Authentication code pcc
080 ## - UNIVERSAL DECIMAL CLASSIFICATION NUMBER
Universal Decimal Classification number 512.9
082 00 - DEWEY DECIMAL CLASSIFICATION NUMBER
Classification number 512.9 LIA
Edition number 22
100 1# - Rafti
Rafti 36
101 ## - Shkurtesa
Shkurtesa MAT
245 10 - TITLE STATEMENT
Title Beginning algebra /
Statement of responsibility, etc Margaret L. Lial, John Hornsby, Terry McGinnis.
906 ## - LOCAL DATA ELEMENT F, LDF (RLIN)
a 7
b cbc
c orignew
d 1
e ocip
f 20
g y-gencatlg
942 ## - ADDED ENTRY ELEMENTS (KOHA)
Source of classification or shelving scheme
Item type Books
Holdings
Withdrawn status Lost status Source of classification or shelving scheme Damaged status Not for loan Collection code Permanent location Current location Shelving location Date acquired Total Checkouts Full call number Barcode Date last seen Price effective from Koha item type
          Koleksioni i përgjithshem UBT - Lipjan UBT - Lipjan Koleksioni i përgjithshem 03/10/2018   512.9 LIA 002-3001366 03/10/2018 03/10/2018 Books
UBT Library © 2015-2024. All rights reserved University Education for Business and Technology